| 000 | 00785cam a22002533a 4500 | ||
|---|---|---|---|
| 001 | 29694 | ||
| 003 | PGUSA | ||
| 005 | 20140828083636.0 | ||
| 008 | 090815s2009||||xxu|||||s|||||000 1 eng d | ||
| 040 |
_aPGUSA _beng |
||
| 042 | _adc | ||
| 050 | 4 | _aPS | |
| 100 | 1 |
_aRyan, Marah Ellis, _d1866-1934 |
|
| 245 | 1 | 4 |
_aThe Treasure Trail : _bA Romance of the Land of Gold and Sunshine _h[electronic resource] / _cMarah Ellis Ryan |
| 260 |
_bProject Gutenberg, _c2009 |
||
| 506 | _aPublic domain in the USA. | ||
| 516 | _aElectronic text | ||
| 653 | _aRanchers -- Fiction | ||
| 653 | _aMexico -- Social life and customs -- Fiction | ||
| 700 | 1 |
_aAmick, Robert Wesley, _d1879-1969 |
|
| 830 | 0 |
_aProject Gutenberg _v29694 |
|
| 856 | 4 | 0 | _uhttp://www.gutenberg.org/ebooks/29694 |
| 942 | _cEB | ||
| 999 |
_c258949 _d258949 |
||